000
00210 a2200097 4500
001
18128
100
_a
Ahmed M S
245
_a
Eng grammar & composition
260
_a
_b
Tariq Brothers
_c
090
_c
13422
_d
13422
942
_a
NUST-CAE
_c
M
_c
3806
999
_c
253201
_d
253201